MARC details
| 000 -LEADER |
| fixed length control field |
01973cam a22003614a 4500 |
| 001 - CONTROL NUMBER |
| control field |
17468004 |
| 003 - CONTROL NUMBER IDENTIFIER |
| control field |
ARRUPE |
| 005 - DATE AND TIME OF LATEST TRANSACTION |
| control field |
20140315020010.0 |
| 008 - FIXED-LENGTH DATA ELEMENTS--GENERAL INFORMATION |
| fixed length control field |
120919s2010 nr ab b 001 0 eng c |
| 010 ## - LIBRARY OF CONGRESS CONTROL NUMBER |
| LC control number |
2012475530 |
| 020 ## - INTERNATIONAL STANDARD BOOK NUMBER |
| International Standard Book Number |
9789784908962 |
| 020 ## - INTERNATIONAL STANDARD BOOK NUMBER |
| International Standard Book Number |
9784908964 |
| 035 ## - SYSTEM CONTROL NUMBER |
| System control number |
(OCoLC)ocm27417225 |
| 040 ## - CATALOGING SOURCE |
| Original cataloging agency |
OUN |
| Transcribing agency |
OUN |
| Description conventions |
appm |
| Modifying agency |
OCL |
| -- |
OCLCQ |
| -- |
OCLCG |
| -- |
OUN |
| -- |
INU |
| -- |
OSU |
| -- |
DLC |
| 042 ## - AUTHENTICATION CODE |
| Authentication code |
pcc |
| 043 ## - GEOGRAPHIC AREA CODE |
| Geographic area code |
f-nr--- |
| 050 00 - LIBRARY OF CONGRESS CALL NUMBER |
| Classification number |
HT1394.N5 |
| Item number |
S53 2010 |
| 300 ## - PHYSICAL DESCRIPTION |
| Other physical details |
ill., maps ; |
| Dimensions |
23 cm. |
| 245 00 - TITLE STATEMENT |
| Title |
Slavery and slave trade in Nigeria : |
| Remainder of title |
from earliest times to the nineteenth century / |
| Statement of responsibility, etc |
edited by J.F. Ade Ajayi and Okon Uya. |
| 260 ## - PUBLICATION, DISTRIBUTION, ETC. (IMPRINT) |
| Place of publication, distribution, etc |
Ibadan : |
| Name of publisher, distributor, etc |
Safari Books, |
| Date of publication, distribution, etc |
2010. |
| 300 ## - PHYSICAL DESCRIPTION |
| Extent |
xvi, 215 p. : |
| 504 ## - BIBLIOGRAPHY, ETC. NOTE |
| Bibliography, etc |
Includes bibliographical references and index. |
| 505 00 - FORMATTED CONTENTS NOTE |
| Title |
Introduction / |
| Statement of responsibility |
J.F. Ade Ajayi and Okon Edet Uya -- |
| Title |
Slavery and slave trade in Sokoto and Kebbi states / |
| Statement of responsibility |
Mahdi Adamu -- |
| Title |
Slave trade and slavery in the north east region of Nigeria / |
| Statement of responsibility |
Sa'ad Abubakar -- |
| Title |
Slavery and relics of slavery in Bornu and the three emirates / |
| Statement of responsibility |
Bawuro M. Barkindo -- |
| Title |
Slavery and slave trade in the Middle Niger and Confluence area / |
| Statement of responsibility |
I. Shaaba Jimada -- |
| Title |
Indigenous slavery and slave trade in the Cross River region / |
| Statement of responsibility |
Okon Edet Uya -- |
| Title |
Slavery and slave trade in Niger Delta and its hinterlands / |
| Statement of responsibility |
Abi A. Derefaka -- |
| Title |
Slavery and the trans-Atlantic slave trade in southwestern Nigeria / |
| Statement of responsibility |
Akin Alao -- |
| Title |
Slavery, slave trade and the state in pre-colonial Nigeria / |
| Statement of responsibility |
Okon Edet Uya. |
| 650 #0 - SUBJECT ADDED ENTRY--TOPICAL TERM |
| Topical term or geographic name as entry element |
Slavery |
| Geographic subdivision |
Nigeria |
| General subdivision |
History. |
| 9 (RLIN) |
3817 |
| 650 #0 - SUBJECT ADDED ENTRY--TOPICAL TERM |
| Topical term or geographic name as entry element |
Slave trade |
| Geographic subdivision |
Nigeria |
| General subdivision |
History. |
| 9 (RLIN) |
3818 |
| 651 #0 - SUBJECT ADDED ENTRY--GEOGRAPHIC NAME |
| Geographic name |
Nigeria |
| General subdivision |
History |
| Chronological subdivision |
To 1851. |
| 9 (RLIN) |
3819 |
| 651 #0 - SUBJECT ADDED ENTRY--GEOGRAPHIC NAME |
| Geographic name |
Nigeria |
| General subdivision |
History |
| Chronological subdivision |
1851-1899. |
| 9 (RLIN) |
3820 |
| 700 1# - ADDED ENTRY--PERSONAL NAME |
| Personal name |
Ajayi, J. F. Ade. |
| 9 (RLIN) |
3821 |
| 700 1# - ADDED ENTRY--PERSONAL NAME |
| Personal name |
Uya, Okon Edet. |
| 9 (RLIN) |
3822 |
| 906 ## - LOCAL DATA ELEMENT F, LDF (RLIN) |
| a |
7 |
| b |
cbc |
| c |
pccadap |
| d |
3 |
| e |
ncip |
| f |
20 |
| g |
y-gencatlg |
| 942 ## - ADDED ENTRY ELEMENTS (KOHA) |
| Source of classification or shelving scheme |
Library of Congress Classification |
| Koha item type |
Monograph ( Printed materials) |
| Koha issues (borrowed), all copies |
1 |